| 000 | 00401pam a2200145a 44500 | ||
|---|---|---|---|
| 008 | 230405s2022 xxu||||| |||| 00| 0 eng d | ||
| 020 |
_a9788195350797 _cRs.450 |
||
| 082 |
_a611.9 _bKAD |
||
| 100 | _aKadam,Supriya | ||
| 245 | _aBasic Concepts and Practice Workbook in Human Anatomy | ||
| 260 |
_aNew Delhi _bEMMESS Medical Publishers _c2022 |
||
| 300 | _a178 p. | ||
| 502 | _atext | ||
| 906 | _a004534 | ||
| 999 |
_c252829 _d252829 |
||